LEADER 01653nam a2200313 i 4500 001 000000237827 003 CaOOAMICUS 005 20210830134950.0 008 180830n it u000 u ita u 013 $a216732 040 $aSeMil$bita 100 1 $aAlliata, Paolo,$c.$0(OLS)http://semarc/name/14442 245 10$aDavide figlio di Iesse /$ctesti : don Paolo Alliata e Patricia Conti ; voci : Alessandro Castellucci ... [et al.] ; registrazione, mixeraggio e musiche : Filippo Bentivoglio ; illustrazioni e progetto grafico : Alessandra Cantarelli ; il progetto nasce da un'intuizione di Chiara Cabassi. 260 $a[s.l.] :$bOratorio dei Chiostri,$c[2014?] 300 $a1 CD ;$c13x14 cm. 490 0 $aLe storie della Bibbia : [audio-racconti] 500 $aMacrò Maudit Spectacules, Filodistudio Recording & Production. 650 4$aBibbia - Davide.$0(OLS)http://semarc/subject/13205 700 1 $aConti, Patricia.$0(OLS)http://semarc/name/81034 700 1 $aCabassi, Chiara.$0(OLS)http://semarc/name/81038 700 1 $aBentivoglio, Filippo.$0(OLS)http://semarc/name/81036 700 1 $aCantarelli, Alessandra.$0(OLS)http://semarc/name/81037 700 1 $aCastellucci, Alessandro.$0(OLS)http://semarc/name/81035 830 3$aLe storie della Bibbia : [audio-racconti].$0(OLS)http://semarc/title/42497 850 $aSeMil 852 $aSeMil$W1$xVenegono$y1$mMM A 57$j224469$B235539$CSeMilBibl$Z2$F235539 $8I 996 $6245$aDavide figlio di Iesse$9(OLS)http://semarc/title/339017 996 $6260$a[s.l.] :$bOratorio dei Chiostri$9(OLS)http://semarc/publisher/38842 LEADER 00927nam a2200229 i 4500 001 000000207029 003 CaOOAMICUS 005 20160329000000.0 008 160329s1970 it u000 u ita u 013 $a185804 040 $aSeMil$bita 100 1 $aAlfieri, Vittorio,$d<1749-1803>.$0(OLS)http://semarc/name/1242 245 10$aOreste /$cVittorio Alfieri ; introduzione e commento a cura di Pietro Cazzani. 260 $aBrescia :$bLa Scuola,$c1970. 300 $a178 p., [4] c. di tav. ;$c21 cm. 650 4$aAlfieri, Vittorio <1749-1803> - Opere.$0(OLS)http://semarc/subject/2182 700 1 $aCazzani, Pietro.$0(OLS)http://semarc/name/74365 850 $aSeMil 852 $aSeMil$W1$xVenegono$y1$m1A II 126$j157492$B157492$CSeMilBibl$Z2$F211671 $81 961 $aLascito: Calori don Carlo 996 $6245$aOreste$9(OLS)http://semarc/title/254115 996 $6260$aBrescia :$bLa Scuola$9(OLS)http://semarc/publisher/29831